000 00436pam a2200169a 44500
008 230405s2012 xxu||||| |||| 00| 0 eng d
041 _aENG
100 _aR.C. Gupta
245 _aIndian Political Thoughts
250 _a1st Ed.
260 _aAllhabad
_bLale Shri narain Agrawal Agra
_c2012
300 _a205p.
440 _aEnbee Law Book Agency Pune
650 _aPOLITICAL SICENCE
690 _aSOCIALWELFARE
906 _a3842
999 _c875453
_d875453